Cestovné náhrady v podnikateľskej sfére

Poskytovanie náhrad osobám, o ktorých to ustanovuje osobitný predpis, ďalej osobám, ktoré sú vymenované alebo zvolené do orgánov právnickej osoby a nie sú k právnickej osobe v pracovnoprávnom vzťahu, osobám, ktoré plnia pre právnickú osobu alebo fyzickú osobu úlohy a nie sú k právnickej osobe alebo...

Description complète

Enregistré dans:
Détails bibliographiques
Auteur principal: Jaško, Jozef
Format: Chapitre de livre
Langue:slovaque
Sujets:
Tags: Ajouter un tag
Pas de tags, Soyez le premier à ajouter un tag!

MARC

LEADER 00000naa a2200000 4500
001 0304177
005 20240911104812.0
041 0 |a slo 
044 |a SK 
245 1 0 |a Cestovné náhrady v podnikateľskej sfére  |c Jozef Jaško 
520 |a Poskytovanie náhrad osobám, o ktorých to ustanovuje osobitný predpis, ďalej osobám, ktoré sú vymenované alebo zvolené do orgánov právnickej osoby a nie sú k právnickej osobe v pracovnoprávnom vzťahu, osobám, ktoré plnia pre právnickú osobu alebo fyzickú osobu úlohy a nie sú k právnickej osobe alebo fyzickej osobe v pracovnoprávnom vzťahu ani v inom právnom vzťahu, ak je to dohodnuté, upravuje zákon o cestovných náhradách. Cestovné náhrady podnikateľa. 
610 2 0 |a náhrada cestovného 
610 2 0 |a stravné 
610 2 0 |a podnikanie 
610 2 0 |a osoby fyzické 
610 2 0 |a osoby právnické 
610 2 0 |a vzťahy pracovnoprávne 
610 2 0 |a zákony 
610 2 0 |a legislatíva 
100 1 |a Jaško, Jozef